000 00527nam a22001817a 4500
999 _c17926
_d17926
008 191004b xxu||||| |||| 00| 0 eng d
020 _a1466590731
040 _aKABU
_cKABU
050 _aQA276.4
_b.V47 2014 c. 1
100 _aVerzani, John
245 _aUsing R for introductory statistics
_cJohn Verzani
250 _a2nd ed.
260 _aBoca Raton
_bCRC Press
_c2014
300 _axvii, 502 p.
650 _aStatistics
_xData processing
650 _aR (Computer program language)
942 _2lcc
_cBK
_hQA276.4